On causality and the monetary approach to the balance of payments (Registro nro. 26928)

Detalles MARC
000 -LEADER
fixed length control field 00355 a2200109 4500
001 - CONTROL NUMBER
control field ART_14590
005 - DATE AND TIME OF LATEST TRANSACTION
control field 20260410161912.0
008 - FIXED-LENGTH DATA ELEMENTS--GENERAL INFORMATION
fixed length control field 260409a
100 1# - MAIN ENTRY--PERSONAL NAME
Personal name Blejer, Mario I.
245 10 - TITLE STATEMENT
Title On causality and the monetary approach to the balance of payments
773 0# - HOST ITEM ENTRY
Title European economic review
Related parts - Vol. 12, Nº 3 (jul. 1979)
Record control number REV13346

No hay ítems disponibles.